Joueurs de tennis tête de série - Statistiques

Statistiques générales
  • Ce quiz a été pris 107 fois
  • Le résultat moyen est 18 sur 32
Statistiques - réponses
Réponse % Correct
Alcaraz
99%
Djokovic
99%
Medvedev
87%
Tsitsipas
86%
Ruud
84%
Sinner
84%
Zverev
82%
Rune
81%
Rublev
78%
Fritz
75%
Tiafoe
74%
Auger-aliassime
63%
Hurkacz
60%
Dimitrov
58%
Mannarino
55%
Khachanov
54%
Norrie
54%
Paul
54%
Musetti
53%
De minaur
52%
Cerundolo
48%
Bautista agut
41%
Korda
38%
Shapovalov
38%
Bublik
37%
Evans
37%
Carreno busta
36%
Jarry
35%
Coric
33%
Struff
30%
Eubanks
23%
Nishioka
16%
Aucun quiz correspondant
Distribution des résultats
% des personnes avec chaque résultat
Percentile par nombre de réponses
Votre historique - résultats
Vous n’avez pas pris ce quiz